000 00526nam a2200205Ia 4500
003 OSt
005 20251203112611.0
008 210210b2000 xxu||||| |||| 00| 0 eng d
020 _a817808046X
040 _cAL
082 _a001.6425 AHOC
100 _aAHO Alfred V and others
_9247376
245 _aCompilers principles techniques and tools
260 _aEngland
_bAddison-Wesley
_c2000
300 _ax,796p
650 _aComputer
_9247377
690 _aComputer Science
_9247378
906 _a056218
942 _2ddc
_cBK
999 _c103606
_d103606